000 00591nam a2200229Ia 4500
003 OSt
005 20221007063803.0
006 a|||||r|||| 00| 0
007 ta
008 221006b |||||||| |||| 00| 0 eng d
024 _a24,307
037 _cTextual
040 _aFLL
_cFLL
_beng
041 _2eng
_aeng
082 _aZ2:5, C7
100 _aCranenburgh D.E.
_9684757
245 0 _aIndian penal code
260 _aCalcutta
_bK.W. Purcell India
_c1897
300 _axxix,1-598p
_ccm.
942 _hZ2:5, C7
_cTEXL
_2CC
999 _c1132183
_d1132183